LEADER 01133nam 2200385 450 001 9910555245403321 005 20190321151518.0 010 $a0-89118-219-5 035 $a(CKB)3810000000041779 035 $a(WaSeSS)IndRDA00111566 035 $a(EXLCZ)993810000000041779 100 $a20190321d1985 uy 0 101 0 $aeng 135 $aur||||||||||| 181 $ctxt$2rdacontent 182 $cc$2rdamedia 183 $acr$2rdacarrier 200 00$aBarley /$fDonald C. Rasmusson, editor 210 1$aMadison, Wisconsin :$cAmerican Society of Agronomy :$cCrop Science Society of America :$cSoil Science Society of America,$d1985. 215 $a1 online resource (xiv, 522 pages) 225 1 $aAgronomy ;$vNumber 26 311 $a0-89118-085-0 410 0$aAgronomy ;$vNumber 26. 606 $aBarley 608 $aElectronic books. 615 0$aBarley. 676 $a633.16 702 $aRasmusson$b Donald C.$f1931- 712 02$aAmerican Society of Agronomy. 801 0$bWaSeSS 801 1$bWaSeSS 906 $aBOOK 912 $a9910555245403321 996 $aBarley$91103286 997 $aUNINA LEADER 03106nam 2200613 a 450 001 9910139565503321 005 20230725053745.0 010 $a1-119-96384-2 010 $a1-283-33316-3 010 $a9786613333162 010 $a1-119-96386-9 010 $a1-119-96383-4 035 $a(CKB)2550000000062149 035 $a(EBL)819207 035 $a(OCoLC)815954458 035 $a(SSID)ssj0000564521 035 $a(PQKBManifestationID)11378564 035 $a(PQKBTitleCode)TC0000564521 035 $a(PQKBWorkID)10602455 035 $a(PQKB)11502540 035 $a(MiAaPQ)EBC819207 035 $a(Au-PeEL)EBL819207 035 $a(CaPaEBR)ebr10509836 035 $a(CaONFJC)MIL333316 035 $a(EXLCZ)992550000000062149 100 $a20110718d2011 uy 0 101 0 $aeng 135 $aur|n|---||||| 181 $ctxt 182 $cc 183 $acr 200 00$aAtrial fibrillation ablation$b[electronic resource] $ethe state of the art based on the VeniceChart international consensus document /$fedited by Andrea Natale, Antonio Raviele 205 $a2011 update. 210 $aChichester, West Sussex $cWiley-Blackwell$d2011 215 $a1 online resource (233 p.) 300 $aDescription based upon print version of record. 311 $a0-470-67415-6 320 $aIncludes bibliographical references and index. 327 $aAnatomy of structures relevant to atrial fibrillation ablation -- Pathophysiology of atrial fibrillation -- Techniques and technologies for atrial fibrillation catheter ablation -- Endpoints of catheter ablation for atrial fibrillation -- Patients management pre-, during and post-ablation -- Periprocedural and long-term anticoagulation -- Periprocedural and late complications -- Short- and long-term efficacy -- Indications to atrial fibrillation ablation and cost effectiveness -- Clinical trials on atrial fibrillation / future perspectives -- Surgical approach / ablation -- Hospital equipment and facilities, personnel, training requirements and competences. 330 $aThis concise text presents best practices for all aspects of atrial fibrillation ablation as outlined in the new version of the VeniceChart International Consensus document, which is presented in conjunction with the biannual Venice Arrhythmias conference. In addition to discussing the latest in a-fib ablation research, this 2011 update covers all the key areas of therapy and patient management, including: Techniques and technologies Procedural endpoints Patient management pre-, peri- and post-ablation Prevention and treatment of complications Definition of success and 606 $aAtrial fibrillation$xTreatment 606 $aCatheter ablation 615 0$aAtrial fibrillation$xTreatment. 615 0$aCatheter ablation. 676 $a616.1/280076 701 $aNatale$b Andrea$0480355 701 $aRaviele$b Antonio$0940883 801 0$bMiAaPQ 801 1$bMiAaPQ 801 2$bMiAaPQ 906 $aBOOK 912 $a9910139565503321 996 $aAtrial fibrillation ablation$92121662 997 $aUNINA LEADER 01856nam 2200589 a 450 001 9910781437503321 005 20210114200749.0 010 $a1-283-33439-9 010 $a9786613334398 010 $a0-472-02782-4 035 $a(CKB)2550000000065292 035 $a(OCoLC)768572195 035 $a(CaPaEBR)ebrary10512360 035 $a(SSID)ssj0000606192 035 $a(PQKBManifestationID)11413292 035 $a(PQKBTitleCode)TC0000606192 035 $a(PQKBWorkID)10582429 035 $a(PQKB)10613741 035 $a(MiAaPQ)EBC3415024 035 $a(EXLCZ)992550000000065292 100 $a20150424d2011|||| s|| | 101 0 $aeng 181 $ctxt 182 $cc 183 $acr 200 10$aAmerican Public Opinion on the Iraq War$b[electronic resource] 210 $aAnn Arbor, MI, USA$cUniversity of Michigan Press$d20111101 210 $cUniversity of Michigan Press 215 $a1 online resource (239 p.) 300 $aBibliographic Level Mode of Issuance: Monograph 311 $a0-472-03480-4 606 $aSOCIAL SCIENCE$2bisac 606 $aSociology / General$2bisac 606 $aIraq War, 2003-2011$xPublic opinion$zUnited States 606 $aPublic opinion 606 $aRegions & Countries - Asia & the Middle East$2HILCC 606 $aHistory & Archaeology$2HILCC 606 $aMiddle East$2HILCC 615 7$aSOCIAL SCIENCE 615 7$aSociology / General 615 0$aIraq War, 2003-2011$xPublic opinion 615 0$aPublic opinion 615 7$aRegions & Countries - Asia & the Middle East 615 7$aHistory & Archaeology 615 7$aMiddle East 676 $a956.7044/31 700 $aHolsti$b Ole R$0247612 801 0$bPQKB 906 $aBOOK 912 $a9910781437503321 996 $aAmerican Public Opinion on the Iraq War$93672377 997 $aUNINA